000 00770nam a2200229 a 4500
999 _c11495
_d11495
001 11495
003 BD-JhCC
005 20191019095528.0
008 190603b 2007bg a|||| ||a| 000 0 Mul d
020 _a9844126649
035 _a(BD-JhCC)11495
040 _aBD-JhCC
_dBD-JhCC
041 _amul
082 _bPIN 2007
_a809.04
100 _aপিন্টু, শরিফিজ্জামান
245 _aমারণাস্ত্রের অর্থে মানব কল্যাণ /
_cশরিফিজ্জামান পিন্টু ।
260 _aঢাকা:
_bঅনন্যা;
_c২০০৭.
300 _a১২৭ পৃ. :
_bill;
_c২২ সেমি.
650 _aNobel prize finance
942 _2ddc
_cBK